Culture Générale en 10 courtes vidéos #1 - Statistiques

Statistiques générales
  • Ce quiz a été pris 115 fois
  • Le résultat moyen est 5 sur 10
Statistiques - réponses
Vidéo Question Réponse % Correct
Dans cet extrait du film Oppenheimer de 2023, quel est le nom de famille du personnage qui perd son chapeau ? Einstein
82%
Quel est le nom de famille du gardien de but qui n'arrête pas ce tir au but ? Barthez
70%
Donner En 2 mots anglais le nom du coup montré sur la vidéo (coup sûr qui permet au frappeur de passer par toutes les bases d'une seule frappe, sans erreur de la défensive adverse) Home run
70%
Quelle est le nom de cette série TV ? Chernobyl
55%
20 fevrier 2015 : une journaliste de BFM TV se fait faucher par une vague lors d'une grande marée à Saint-? Malo
53%
Quel est le nom du dessin animé dont est issue cette vidéo (qui est aussi une BD) ? Les Aventures de Tintin
49%
Comment s'appelle l'animateur télé (non montré sur la vidéo) que regarde Serge Gainsbourg quand il dit les paroles affichées ? Michel Drucker
40%
Voici un extrait de la scène finale d'un classique français : Quel est le nom de ce film ? Le Professionnel
34%
Quelle est la ville commune aux deux équipes de hockey sur glace qui s'affrontent dans cette vidéo ? New York
33%
Donner le prénom de LA membre du jury de la Nouvelle Star (années 2010s ici) aperçu très brièvement dans la vidéo Elodie
20%
Aucun quiz correspondant
Distribution des résultats
% des personnes avec chaque résultat
Percentile par nombre de réponses
Votre historique - résultats
Vous n’avez pas pris ce quiz